00618nam a2200181Ia 4500003000900000008004100009020002100050040001600071080001200087100002500099245008600124260003400210300001000244650001800254942000700272999001700279952014000296IN-BaIIA211028s9999 xx 000 0 eng d a978-178250-046-9 cIIA Library a52bKRA aKraul, Walter936169 0aAstronomy for young and oldba beginner`s guide to the visible skycWalter Kraul  aEdinburghbFloris Booksc2014 a164p. aAstronomy980 cBK c18937d18937 00104070aBANbBANcGENd2014-12-01eINT g2565.00l1o52/ KRAp19859r2021-12-08s2021-12-08v2565.00w2014-12-01yBKGRs. 2565.00